BIBLIOTHÈQUE DE LA MAISON DU MEXIQUE

Logo 1 Logo 2

La Sorbona ayer y hoy (notice nᵒ 4038)

détails MARC
000 -Sello discográfico
campo de control de longitud fija 00962nam a2200277 4500
005 - Identificación de versión
campo de control 20251016083733.0
035 ## - Otros números de control del sistema
Número de control del sistema 25893
099 ## - fechas locales
Tipo de ítem Koha LIBRO
100 ## - Datos de procesamiento general
Datos de procesamiento general 19990311d1943 m y1spay5003 ba
105 ## - Campo de datos codificados: Material textual, monográfico
Datos codificados de monografía a 001zy
200 1# - Título y mención de responsabilidad
Título propio La Sorbona ayer y hoy
Designación general del material texto impreso
Otra información del título sinopsis histórica de la Universidad de Paris desde sus orígenes hasta nuestros días
Primer mención de responsabilidad Alfonso García Robles
Declaración de responsabilidad subsiguiente prefacio Jules Romains
210 ## - Publicación, distribución, etc.
Lugar de publicación, distribución, etc. México
Nombre del editor, distribuidor, etc. Ediciones de la Universidad Nacional Autónoma
Fecha de publicación, distribución, etc. 1943
215 ## - Descripción física
Designación de material específico y extensión del ítem 167 p
Otras características físicas il.
Dimensiones 23 cm
345 ## - Nota de información de adquisición
Fuente de adquisición/dirección de la suscripción [OBSOLETO] Donación
606 ## - Término temático usado como materia
Elemento de entrada Universidad de Paris Sorbonne
Subdivisión geográfica Francia
Número Koha 8003
660 ## - Código de área geográfica
Código MX
700 ## - Nombre personal - Responsabilidad primaria
Elemento de entrada García Robles
Parte del nombre distinta del elemento de entrada Alfonso
Fechas 1911-1991
Número Koha 5477
702 ## - Nombre personal - Responsabilidad secundaria
Elemento de entrada Romains
Parte del nombre distinta del elemento de entrada Jules
Fechas 1885-1972
Adiciones a los nombres que no sean fechas Louis Farigoule
Número Koha 8004
801 #0 - Fuente de origen
Agencia cm
900 ## -
-- 1/18449
900 ## -
-- 7109910359\110399
942 ## - ELEMENTOS DE ENTRADA SECUNDARIOS (KOHA)
Tipo de ítem Koha Livre
996 ## -
-- MEX
-- 751145101
-- MMAG
-- 009984
-- 373.44 G216SO
-- 20240326LIV
Exemplaires
Estatus retirado Estado de daño Estado de pérdida Fecha de adquisición Biblioteca de origen Biblioteca actual Ubicación en estantería Código de barras Precio de reemplazo Signatura topográfica completa No para préstamo Tipo de ítem Koha Nota pública Nota no pública
      05/08/2025 Casa México Paris Casa México Paris   009984 05/08/2025 373.44 G216SO   Livre 20240326LIV 751145101